Popular handbook import commercial practices law and procedures / (Record no. 133518)

MARC details
000 -LEADER
fixed length control field 00694nam a22002417a 4500
005 - DATE AND TIME OF LATEST TRANSACTION
control field 20170124110211.0
010 ## - LIBRARY OF CONGRESS CONTROL NUMBER
LC control number 757753
020 ## - INTERNATIONAL STANDARD BOOK NUMBER
Terms of availability 00.00
035 ## - SYSTEM CONTROL NUMBER
System control number 757753
037 ## - SOURCE OF ACQUISITION
Source of stock number/acquisition Cen Lib/Ret
040 ## - CATALOGING SOURCE
Original cataloging agency DPL
Language of cataloging EN
082 ## - DEWEY DECIMAL CLASSIFICATION NUMBER
Classification number 347.7
Item number VAZ
100 ## - MAIN ENTRY--PERSONAL NAME
Personal name Vaze, V. G.
9 (RLIN) 38164
245 ## - TITLE STATEMENT
Title Popular handbook import commercial practices law and procedures /
Statement of responsibility, etc by V. G. Vaze
246 ## - VARYING FORM OF TITLE
Remainder of title
260 ## - PUBLICATION, DISTRIBUTION, ETC. (IMPRINT)
Name of publisher, distributor, etc Popular Prakashan
Date of publication, distribution, etc 1975
Place of publication, distribution, etc Bombay
270 ## - ADDRESS
City Bombay
Address 35c, Tardeo road
Postal code 400034
300 ## - PHYSICAL DESCRIPTION
Extent xi, 256p.
Dimensions 20cm(Hb)
500 ## - GENERAL NOTE
General note Includes appendix
650 ## - SUBJECT ADDED ENTRY--TOPICAL TERM
Topical term or geographic name as entry element Law
9 (RLIN) 104
650 ## - SUBJECT ADDED ENTRY--TOPICAL TERM
Topical term or geographic name as entry element Law
General subdivision Practice and procedures
9 (RLIN) 38165
942 ## - ADDED ENTRY ELEMENTS (KOHA)
Source of classification or shelving scheme Dewey Decimal Classification
Koha item type English Books
Classification part 347.7
Call number suffix VAZ
Holdings
Withdrawn status Lost status Damaged status Not for loan Home library Current library Date acquired Source of acquisition Cost, normal purchase price Total Checkouts Full call number Barcode Date last seen Copy number Cost, replacement price Price effective from Koha item type
        Central Library Central Library 27/07/2015 Cen Lib/Ret 0.00   347.7 VAZ 757753 27/07/2015 1 0.00 27/07/2015 English Books

© Delhi Public Library
Hit Counter
free hit counter